Quiz o Warszawie - Statystyki

Ogólne statystyki
  • Ten quiz został rozwiązany 359 razy
  • Średni wynik to 18 z 30
Statystyki odpowiedzi
Wskazówka Odpowiedź % Poprawnych
Obecny prezydent miasta Rafał Trzaskowski
96%
Najbardziej utytułowany warszawski klub piłkarski Legia Warszawa
87%
Znajduje się na herbie Warszawy Syrenka
86%
Warszawa znajduje się w tym województwie Mazowieckie
85%
Najdłuższa rzeka przepływająca przez miasto Wisła
85%
W tym dniu rozpoczęło się Powstanie Warszawskie 1 sierpnia 1944
84%
Najwyższy budynek Pałac Kultury i Nauki
82%
Autor m.in. utworu "Sen o Warszawie" Czesław Niemen
79%
Były prezydent Warszawy, który pełnił również funkcję prezydenta Polski Lech Kaczyński
75%
Stwór z warszawskiej legendy, potrafiący zabijać wzrokiem Bazyliszek
73%
Jego imię nosi największe warszawskie lotnisko Fryderyk Chopin
73%
W tym roku ukończona została budowa Stadionu Narodowego 2012
72%
Wiek, w którym założona została Warszawa XIII
72%
Jego imię nosił powyższy budynek w latach 1953-1956 Józef Stalin
71%
Polska noblistka urodzona w Warszawie 7 listopada
1867 roku
Maria Skłodowska-Curie
70%
Obecny kapitan reprezentacji Polski w piłce nożnej, urodzony w Warszawie 21 sierpnia 1988 roku Robert Lewandowski
68%
Rok, w którym miejsce miała Bitwa Warszawska 1920
64%
Odbywały się tam słynne obiady czwartkowe Łazienki Królewskie
60%
Nazwa ulicy, przy której mieści się stadion powyższego zespołu Łazienkowska
57%
Niemiecka nazwa miasta Warschau
56%
Rezydencja Jana III Sobieskiego Wilanów
49%
Ile stacji metra mieści się w stolicy 34
48%
Władca, który przeniósł stolicę z Krakowa do Warszawy Zygmunt III Waza
48%
Obiekt sportowy znajdujący się w miejscu powyższego stadionu w latach 1955-2008 Stadion Dziesięciolecia
39%
Prezydent Warszawy w latach 1934-1939, przewodniczący Komitetu Obywatelskiego w czasie obrony Warszawy w 1939 roku Stefan Starzyński
33%
Autor licznych obrazów przedstawiających XVIII-wieczną Warszawę Bernardo Belotto (Canaletto)
23%
Ostatni dowódca powstania w getcie warszawskim Marek Edelman
19%
W tym roku miało miejsce powyższe wydarzenie 1596
17%
Data wyzwolenie Warszawy 17 stycznia 1945 r.
10%
Wieloletni dyrektor Teatru Narodowego Wojciech Bogusławski
4%
Nie znaleziono quizów pasujących do podanych kryteriów
Rozkład punktacji
Procent ludzi z każdym wynikiem
Percentyl według liczby udzielonych odpowiedzi
Twoja historia wyników
Nie rozwiązałeś tego quizu